Proyecto de Ley de Protección al Trabajador /
Guardat en:
| Autor principal: | |
|---|---|
| Format: | Text |
| Matèries: | |
| Etiquetes: |
Afegir etiqueta
Sense etiquetes, Sigues el primer a etiquetar aquest registre!
|
MARC
| LEADER | 00000 a a2200000 04500 | ||
|---|---|---|---|
| 001 | 17139 | ||
| 003 | |||
| 040 | |||
| 100 | |a Espinoza Esquivel, Juan Rafael | ||
| 245 | |a Proyecto de Ley de Protección al Trabajador / |c Juan Rafael Espinoza Esquivel | ||
| 650 | |a BIENESTAR SOCIAL | ||
| 650 | |a POLITICA SOCIAL | ||
| 650 | |a LEGISLACION SOCIAL | ||
| 650 | |a REFORMA SOCIAL | ||
| 650 | |a SEGURIDAD SOCIAL | ||
| 650 | |a POLITICA LABORAL | ||
| 650 | |a POLITICA DE EMPLEO | ||
| 650 | |a DESPIDO | ||
| 650 | |a SISTEMAS DE JUBILACION | ||
| 650 | |a PENSIONES DE JUBILACION | ||
| 773 | |g volumen 7, número 2; páginas 141-171 | ||
| 999 | |c 30460 |d 30460 | ||
